FIFA Golden Boy Award Winners - Statistics

General Stats
  • This quiz has been taken 94 times
    55 since last reset
  • The average score is 13 of 17
Answer Stats
Year Winner Club(s) Nationality Position % Correct
2005 Lionel Messi Barcelona Argentinian Forward
98%
2019 João Félix Atlético Madrid Portuguese Forward
96%
2017 Kylian Mbappé Monaco / Paris Saint-Germain French Forward
92%
2013 Paul Pogba Juventus French Midfielder
90%
2004 Wayne Rooney Everton / Manchester United English Forward
90%
2015 Anthony Martial Monaco / Manchester United French Forward
88%
2018 Matthijs de Ligt Ajax Dutch Defender
88%
2016 Renato Sanches Benfica / Bayern Munich Portuguese Midfielder
83%
2010 Mario Balotelli Inter Milan / Manchester City Italian Forward
81%
2011 Mario Götze Borussia Dortmund German Midfielder
81%
2007 Sergio Agüero Atlético Madrid Argentinian Forward
81%
2006 Cesc Fàbregas Arsenal Spanish Midfielder
77%
2009 Alexandre Pato Milan Brazilian Forward
67%
2012 Isco Málaga Spanish Midfielder
67%
2014 Raheem Sterling Liverpool English Midfielder
60%
2008 Anderson Manchester United Brazilian Midfielder
52%
2003 Rafael van der Vaart Ajax Dutch Midfielder
29%
No matching quizzes found
Score Distribution
Percent of People with Each Score
Percentile by Number Answered
Your Score History
You have not taken this quiz since the last reset